000 00532nam a2200169 i 4500
001 133985
003 ES-MaACL
005 20230906194555.0
007 t|
008 070904s1979 ch ||||1| spa d
100 1 _aWang Hsuan.
_9116050
245 1 0 _aAcerca de Teng-Hsiao-Ping /
_cpor Wang Hsuan.
260 _a[Taiwan] :
_bLiga Anticomunista de los Pueblos Asiáticos,
_c1979.
300 _a96 p., VIII lám. ;
_c19 cm.
710 2 _aLiga Anticomunista de los Pueblos Asiáticos.
_95530
852 _aES-MaACL
_jA-10239
_bR.99442
999 _c133985
_d133985